| 000 | 00863nam a2200277Ia 4500 | ||
|---|---|---|---|
| 003 | OSt | ||
| 005 | 20220926012336.0 | ||
| 006 | a|||||r|||| 00| 0 | ||
| 007 | ta | ||
| 008 | 220923b |||||||| |||| 00| 0 eng d | ||
| 020 | _a0521817323 | ||
| 037 | _cGeneral Book | ||
| 040 |
_aRTL _cRTL _beng |
||
| 041 |
_2eng _aeng |
||
| 082 | _aX:56, P3 | ||
| 100 |
_aUnderhill Geoffrey R D Ed. _9142518 |
||
| 245 | 0 |
_aInternational financial governance under stress _b G |
|
| 260 |
_aNew York _bCambridge University Press USA _c2003 |
||
| 300 |
_axii,395p. _ccm. |
||
| 490 | _aGlobal Economic Institution | ||
| 500 | _aEconomic and Social Research Council | ||
| 650 |
_aExport Control _9235451 |
||
| 700 |
_a Zhang Xiaoke Ed. _9316218 |
||
| 942 |
_hX:56, P3 _cGB _2CC |
||
| 999 |
_c622593 _d622593 |
||